000 00750nam a2200253Ia 4500
008 100315s9999 xx 000 0 und d
020 _a81-7992-123-9 
040 _cENGLISH 
082 _b4505 
_a658 
100 _a"ROTHMAN, HOWARD "
245 _a50 COMPANIES THAT CHANGED THE WORLD
250 _a1st 
260 _aMumbai 
_bJaico  
_c2003 
300 _a253 
365 _eRupees 
_d
_b636.00 
366 _f20 
505 _gDYK 
530 _bROYAL BOOK DISTRIBUTORS 8345/07-10-2003 
_a8345/07-10-2003 
536 _a01/04/2003-31/03/2004 
620 _a"THE DETAILS ABOUT 50 COMPANIES, "
630 _a50 COMPANIES THAT CHANGED THE WORLD
730 _a50 COMPANIES THAT CHANGED THE WORLD
942 _cBOOK
999 _c479240
_d479237